ბათუმის შოთა რუსთაველის სახელმწიფო უნივერსიტეტის ბიბლიოთეკა

Метод-Харди-Литтлвуда (ბიბ.ჩანაწერი № 39132)

000 -LEADER
fixed length control field 00559nam a2200205Ia 4500
001 - CONTROL NUMBER
control field 5715
003 - CONTROL NUMBER IDENTIFIER
control field GE_BSU
008 - FIXED-LENGTH DATA ELEMENTS--GENERAL INFORMATION
fixed length control field 181216s||||||||xx |||||||||||||| ||und||
040 ## - CATALOGING SOURCE
Transcribing agency GE_BSU
080 ## - UNIVERSAL DECIMAL CLASSIFICATION NUMBER
Universal Decimal Classification number 511
100 ## - MAIN ENTRY--PERSONAL NAME
Personal name Вон,Р.
245 ## - TITLE STATEMENT
Title Метод-Харди-Литтлвуда
245 ## - TITLE STATEMENT
Statement of responsibility, etc. Под ред. А.А.Карацубы. Пер с английского А.А.Лаврик
260 ## - PUBLICATION, DISTRIBUTION, ETC.
Place of publication, distribution, etc. Москва
260 ## - PUBLICATION, DISTRIBUTION, ETC.
Name of publisher, distributor, etc. Мир
260 ## - PUBLICATION, DISTRIBUTION, ETC.
Date of publication, distribution, etc. 1985
300 ## - PHYSICAL DESCRIPTION
Extent 182 с.22см.
653 ## - INDEX TERM--UNCONTROLLED
Uncontrolled term Метод-Харди- Литтлвуда
942 ## - ADDED ENTRY ELEMENTS (KOHA)
Koha item type წიგნი
ეგზემპლარები
Withdrawn status Lost status Damaged status Not for loan Date acquired Barcode Date last seen Price effective from Koha item type
        2018-12-17 16745 2018-12-17 2018-12-17 წიგნი